Pojištění počítačové kriminality

História poistenia počítačovej kriminality. Jednotlivé klauzuly poistnej zmluvy kryjúcej riziká počítačovej kriminality: poistenie počítačových systémov, poistenie činnosti poisteného ako obslužnej agentúry, poistenie elektronickej počítačovej inštrukcie, poistenie prenosu elektronických dát, krytie...

ver descrição completa

Na minha lista:
Detalhes bibliográficos
Autor principal: Škorpil, Michael P.
Formato: Capítulo de Livro
Idioma:tcheco
Assuntos:
Tags: Adicionar Tag
Sem tags, seja o primeiro a adicionar uma tag!

MARC

LEADER 00000naa a2200000 4500
001 r045254
005 20231004072538.1
041 0 |a cze 
044 |a CZ 
245 1 0 |a Pojištění počítačové kriminality  |c Michael P. Škorpil 
520 |a História poistenia počítačovej kriminality. Jednotlivé klauzuly poistnej zmluvy kryjúcej riziká počítačovej kriminality: poistenie počítačových systémov, poistenie činnosti poisteného ako obslužnej agentúry, poistenie elektronickej počítačovej inštrukcie, poistenie prenosu elektronických dát, krytie škôd spôsobených počítačovými vírusmi, poistenie elektronickej správy prijatej alebo odoslanej poisteným, poistenie elektronických cenných papierov, poistenie sfalšovaných faxových prenosov. 
610 2 0 |a poistenie 
610 2 0 |a počítače 
610 2 0 |a kriminalita 
610 2 0 |a zmluvy poistné 
100 1 |a Škorpil, Michael P.